000
00293nam a2200109Ia 4500
008
200302s9999 xx 000 0 und d
100
_a
Christopher Cuttle
245
_a
Lighting Design A perception-based approach
260
_b
Routledge Taylor and Francis Group
260
_c
2015
300
_a
136
999
_c
6166
_d
6166